01921nam a2200145Ia 45000010005000000080041000050410014000460820014000602450169000742600024002433000007002675200006002746500068002805201427003485670241029s9999 xx 000 0 und d aEspañol aNO APLICA 0aActitudes por los valores patrios de los estudiantes del liceo Profesor Juan Bosch de la comunidad de Génimo, San Francisco de Macorís, año escolar 2016-2017. aSánchez Ramírez a93 a6 aEjes Transversales (Cultura Dominicana: Identidad y Diversidad) aEl presente estudio, sobre las actitudes por los valores patrios de los estudiantes del Liceo Profesor Juan Bosch, de la Comunidad de Génimo, de San Francisco de Macorís, ha sido enfocado a conocer el nivel de conciencia de los estudiantes con relación a los valores patrios de la República Dominicana, con el objetivo de identificar las oportunidades de mejoras necesarias y proponer un programa para orientar a estos sobre la importancia de los mismos, la historia y de contar con una identidad cultural.La sociedad actual se está desarrollando en un ambiente de globalización, la transculturación, como consecuencia del mismo, ha venido importando los menos deseados valores culturales, lo que está incidiendo de manera negativa en los jóvenes, y se tiene como consecuencia incremento en la disgregación de la familia, consumo de sustancias narcóticas, la delincuencia, entre otros. Como consecuencia de este trabajo queda una propuesta que plantea un programa para ser impartido en las clases de sociales, sobre actividades relacionadas con las efemérides de la historia dominicana, la educación cívica, la cultura y los valores patrios, con el propósito de fortalecer su identidad cultural para contrarrestar influencias inapropiadas y poner a disposición de la sociedad ciudadanos honestos, responsables y con verdadero amor por su patria y por los símbolos que la representan.